Poznatky a skúsenosti zo zabezpečovania akosti /spoľahlivosti/ výrobkov v popredných svetových firmách Zborník

Salvato in:
Dettagli Bibliografici
Natura: Libro
Lingua:slovacco
Pubblicazione: Žilina Dom techn. ČSVTS 1989
Edizione:1. vyd.
Tags: Aggiungi Tag
Nessun Tag, puoi essere il primo ad aggiungerne!!

MARC

LEADER 00000nam a2200000 4500
001 c027544
005 20250609120448.1
041 0 |a slo 
044 |a SK 
245 1 0 |a Poznatky a skúsenosti zo zabezpečovania akosti /spoľahlivosti/ výrobkov v popredných svetových firmách  |b Zborník  |c Stanislav Fabian 
250 |a 1. vyd. 
264 1 |a Žilina  |b Dom techn. ČSVTS  |c 1989 
300 |a 19 s.